Wish you were here : (Record no. 31747)

MARC details
000 -LEADER
fixed length control field 01050nam a22002417a 4500
005 - DATE AND TIME OF LATEST TRANSACTION
control field 2009111306196.0
008 - FIXED-LENGTH DATA ELEMENTS--GENERAL INFORMATION
fixed length control field 091113t xxu||||| |||| 00| 0 eng d
010 ## - LCCN (DPL NO)
LC control number ENG-95431
020 ## - INTERNATIONAL STANDARD BOOK NUMBER
International Standard Book Number 9788190666800
Terms of availability 995.00
035 ## - SYSTEM CONTROL NUMBER
System control number EN-78964
037 ## - SOURCE OF ACQUISITION
Source of stock number/acquisition DBAD/PUB
040 ## - CATALOGING SOURCE
Original cataloging agency DPL
082 ## - DEWEY DECIMAL CLASSIFICATION NUMBER
Classification number 306.7662
100 ## - MAIN ENTRY--PERSONAL NAME
Personal name Gupta, Sunil
Dates associated with a name 1953-
245 ## - TITLE STATEMENT
Title Wish you were here :
Statement of responsibility, etc by Sunil Gupta
Remainder of title memories of a gay life /
260 ## - PUBLICATION, DISTRIBUTION, ETC. (IMPRINT)
Place of publication, distribution, etc New Delhi
Name of publisher, distributor, etc Yoda Press :
-- Distributed in South Asia by Foundation Books,
Date of publication, distribution, etc 2008
270 ## - ADDRESS
Address 35-A/1, Shahpur Jat
City New Delhi
Postal code 110049
300 ## - PHYSICAL DESCRIPTION
Extent 128 p. :
Dimensions 22 cm.(Hb)
Other physical details chiefly col. ill. ;
490 ## - SERIES STATEMENT
Series statement Sexualities
942 ## - ADDED ENTRY ELEMENTS (KOHA)
Source of classification or shelving scheme Dewey Decimal Classification
Item type English Books
Call number suffix GUP
Classification part 306.7662
Holdings
Withdrawn status Lost status Source of classification or shelving scheme Damaged status Not for loan Collection code Home library Current library Date acquired Source of acquisition Cost, normal purchase price Total Checkouts Full call number Barcode Date last seen Copy number Cost, replacement price Koha item type
    Dewey Decimal Classification   Not For Loan Non-fiction D.B.Act.Division D.B.Act.Division 13/11/2009 DBAD / PUB 995.00   306.7662 GUP EN-78964 13/11/2009 1 995.00 English Books

© Delhi Public Library
Hit Counter
free hit counter